000 00731nam a2200265Ia 4500
003 OSt
005 20221005042818.0
006 a|||||r|||| 00| 0
007 ta
008 221004b |||||||| |||| 00| 0 eng d
020 _a0748613498
024 _a76459
037 _cTextual
040 _aCRL
_cCRL
_beng
041 _2eng
_aeng
082 _aO111:gN (Y15), P3
100 _aLewis Reina Ed.
245 0 _aFeminist postcolonial theory
_b A reader
260 _aEdinburgh
_bEdinburgh University Press
_c2003
300 _a754p.
_ccm.
650 _aENGLISH LITERATURE
700 _a Mills Sara
942 _hO111:gN (Y15), P3
_cTEXL
_2cc
999 _c950870
_d950870